Loading...
| History - European | 0 | 6 | 0 | 0 | 60 | 26 | 75.67 | 0 | 2 | 23.80 | 31.82 |
| Religion | 0 | 4 | 0 | 0 | 40 | 100 | 115.25 | 0 | 0 | 6.07 | 16.36 |
| History - Other | 0 | 4 | 1 | 0 | 35 | 66 | 99.25 | 1 | 3 | 9.59 | 24.55 |
| Literature - European | 0 | 3 | 0 | 0 | 30 | 40 | 79.33 | 0 | 1 | 11.71 | 16.36 |
| History - World | 0 | 3 | 1 | 0 | 25 | 51 | 82.33 | 1 | 3 | 9.40 | 20.00 |
| Philosophy | 0 | 2 | 0 | 1 | 20 | 107 | 125.00 | 0 | 0 | 1.12 | 3.64 |
| Social Science | 0 | 2 | 1 | 1 | 15 | 76 | 94.50 | 1 | 1 | 3.69 | 10.91 |
| Fine Arts - Painting and Sculpture | 0 | 1 | 0 | 0 | 10 | 52 | 52.00 | 1 | 1 | 5.48 | 9.09 |
| Mythology | 0 | 1 | 0 | 0 | 10 | 105 | 105.00 | 0 | 0 | 1.20 | 1.82 |
| History - American | 0 | 1 | 0 | 1 | 10 | 126 | 126.00 | 0 | 0 | 0.00 | 2.73 |
| Literature - British | 0 | 1 | 0 | 0 | 10 | 139 | 139.00 | 0 | 0 | 0.32 | 3.64 |
| Science - Biology | 0 | 1 | 0 | 0 | 10 | 88 | 88.00 | 1 | 1 | 2.53 | 9.09 |
| Science - Other | 0 | 1 | 0 | 0 | 10 | 95 | 95.00 | 0 | 0 | 1.31 | 4.55 |
| Science - Physics | 0 | 1 | 0 | 0 | 10 | 70 | 70.00 | 0 | 1 | 4.16 | 8.18 |
| Geography | 0 | 1 | 1 | 0 | 5 | 91 | 91.00 | 0 | 1 | 11.82 | 26.67 |